| 000 | 00328nam a2200109Ia 4500 | ||
|---|---|---|---|
| 008 | 170221s9999 xx 000 0 und d | ||
| 100 | _aMonir Mir | ||
| 245 | _aEditorial: AABFJ Volume 9, Issue 4, 2015 | ||
| 245 | _cMonir Mir | ||
| 650 | _xBusiness | ||
| 856 | _uhttp://ro.uow.edu.au/cgi/viewcontent.cgi?article=1626&context=aabfj | ||
| 999 |
_c307590 _d307590 |
||